Statistics for Game of Thrones Houses- North

Click here to take the quiz!

General Stats

  • This quiz has been taken 1,129 times
    (1,124 since last reset)
  • The average score is 9 of 31

Answer Stats

HintAnswer% Correct
Great HouseStark
100%
Noble HouseBolton
88%
Noble HouseKarstark
86%
Noble HouseUmber
81%
Noble HouseMormont
68%
Noble HouseManderly
61%
Noble HouseReed
61%
Masterly HousesGlover
49%
Noble HousesCerwyn
30%
Noble HouseHornwood
30%
Noble HouseDustin
29%
Noble HouseRyswell
20%
Mountain ClanWull
16%
Noble HouseLocke
15%
Mountain ClanNorrey
15%
Masterly HousesTallheart
13%
Mountain ClanLiddle
11%
Neck HouseMarsh
10%
Noble HouseFlint of Flint's Finger
8%
Neck HouseBoggs
7%
Mountain ClanBurley
7%
Neck HouseFenn
7%
Noble HouseFlint of Widow's watch
7%
Mountain ClanHarclay
7%
Neck HouseBlackmyre
6%
Mountain ClanFlint of the Mountains
6%
Mountain ClanKnott
6%
Neck HouseCray
5%
Neck HousePeat
5%
Neck HouseQuagg
5%
Neck HouseGreengood
4%

Score Distribution

Percentile by Number Answered

Percent of People with Each Score

Your Score History

You have not taken this quiz since the last reset